00422cam a22001571 4500001000800000005001700008008004100025010001700066040001800083041000800101080001600109082001600125100000700141101000800148245010800156169337820180201050756.0730911s1958 nyua 000 0 eng  a 57007999  aDLCcDLCdDLC aeng a330.182 DOR00a330.182 DOR1 a52 aEKO10aLinear programming and economic analysisc[by] Robert Dorfman, Paul A. Samuelson [and] Robert M. Solow.